000 00738nam a2200265 a 4500
003 AR-BaBNM
005 20251128203336.0
008 082120s2002 ||||||||||||||000 | spa||
040 _cAR-BaBNM
100 1 _aCardiello, Nicolás
245 0 0 _aElementos de física y de química
_bplaneamiento
250 _a1ª ed.
260 _aBuenos Aires
_bKapelusz
_c1969
300 _a61 p.
_btablas
490 0 _aCuaderno pedagógico
_vv. 8
504 _aBibliografía p. 61
650 4 _aENSEÑANZA DE LA FISICA
650 4 _aENSEÑANZA DE LA QUIMICA
650 4 _aOBJETIVOS EDUCACIONALES
650 4 _aEVALUACION DEL ALUMNO
650 4 _aACTIVIDADES DE APRENDIZAJE
653 _aMETODO CIENTIFICO
942 _cBK
998 _cCarmen
999 _c2979
_d2979